Skladové procesy si raději necháme "doma"

Internetový obchod a spoľahlivé a rýchle logistické procesy. Logistika vo vlastnej réžii e-shopov. Rozvoz tovaru kuriérskymi firmami. Alternatívne formy doručovania - balíkomaty a siete výdajní. Budúcnosť balíkomatov. Komunikácia so zákazníkom. Rýchle doručenie.

Gespeichert in:
Bibliographische Detailangaben
1. Verfasser: Novotný, Radek
Format: Buchkapitel
Sprache:Tschechisch
Schlagworte:
Tags: Tag hinzufügen
Keine Tags, Fügen Sie das erste Tag hinzu!

MARC

LEADER 00000naa a2200000 4500
001 0207427
005 20231211081219.8
041 0 |a cze 
044 |a CZ 
245 1 0 |a Skladové procesy si raději necháme "doma"  |c Radek Novotný 
520 |a Internetový obchod a spoľahlivé a rýchle logistické procesy. Logistika vo vlastnej réžii e-shopov. Rozvoz tovaru kuriérskymi firmami. Alternatívne formy doručovania - balíkomaty a siete výdajní. Budúcnosť balíkomatov. Komunikácia so zákazníkom. Rýchle doručenie. 
610 2 0 |a obchod elektronický 
610 2 0 |a logistika 
610 2 0 |a skladovanie 
610 2 0 |a distribúcia 
610 2 0 |a zásielky poštové 
610 2 0 |a firmy 
610 2 0 |a služby logistické 
100 1 |a Novotný, Radek